[Event "DVM U16 2018"]
[Site "Aurich GER"]
[Date "2018.12.29"]
[Round "5"]
[White "Haufe, Laurin"]
[Black "von Freymann, Franz"]
[Result "1/2-1/2"]
[Termination "normal"]
[Board "2.3"]
[WhiteElo "1966"]
[BlackElo "1819"]
[WhiteClock "01:21:22"]
[BlackClock "01:09:40"]
[WhiteTeam "SG Leipzig"]
[BlackTeam "TV Tegernsee"]
[PlyCount "41"]
[WhiteFideId "12976504"]
[BlackFideId "12994014"]
[EventCountry "GER"]
[EventRounds "7"]
[EventType "team-swiss"]
[EventDate "2018.12.26"]

1. e4 {[%clk 01:30:53]} {[%emt 00:00:05]} c6 {[%clk 01:30:52]} {[%emt
00:00:08]} 2. d4 {[%clk 01:31:19]} {[%emt 00:00:05]} d5 {[%clk 01:31:15]}
{[%emt 00:00:07]} 3. Nc3 {[%clk 01:31:46]} {[%emt 00:00:02]} dxe4 {[%clk
01:31:34]} {[%emt 00:00:11]} 4. Nxe4 {[%clk 01:32:13]} {[%emt 00:00:04]} Bf5
{[%clk 01:31:54]} {[%emt 00:00:09]} 5. Ng3 {[%clk 01:32:35]} {[%emt 00:00:09]}
Bg6 {[%clk 01:32:15]} {[%emt 00:00:09]} 6. h4 {[%clk 01:32:58]} {[%emt
00:00:07]} h6 {[%clk 01:32:38]} {[%emt 00:00:06]} 7. Nf3 {[%clk 01:33:23]}
{[%emt 00:00:06]} Nd7 {[%clk 01:32:26]} {[%emt 00:00:42]} 8. Bf4 {[%clk
01:33:17]} {[%emt 00:00:36]} Ngf6 {[%clk 01:31:53]} {[%emt 00:01:03]} 9. Ne5
{[%clk 01:33:18]} {[%emt 00:00:29]} Nxe5 {[%clk 01:30:46]} {[%emt 00:01:36]}
10. Bxe5 {[%clk 01:33:29]} {[%emt 00:00:20]} e6 {[%clk 01:28:36]} {[%emt
00:02:39]} 11. Bd3 {[%clk 01:31:54]} {[%emt 00:02:06]} Bxd3 {[%clk 01:27:41]}
{[%emt 00:01:24]} 12. Qxd3 {[%clk 01:32:14]} {[%emt 00:00:10]} Bd6 {[%clk
01:26:52]} {[%emt 00:01:18]} 13. Bxf6 {[%clk 01:28:37]} {[%emt 00:04:09]} Qxf6
{[%clk 01:25:57]} {[%emt 00:01:24]} 14. Ne4 {[%clk 01:27:35]} {[%emt 00:01:32]}
Qe7 {[%clk 01:25:48]} {[%emt 00:00:38]} 15. O-O-O {[%clk 01:26:26]} {[%emt
00:01:40]} O-O-O {[%clk 01:24:36]} {[%emt 00:01:42]} 16. Nxd6+ {[%clk
01:23:43]} {[%emt 00:03:14]} Rxd6 {[%clk 01:24:06]} {[%emt 00:00:59]} 17. Qg3
{[%clk 01:23:31]} {[%emt 00:00:41]} g6 {[%clk 01:13:01]} {[%emt 00:11:36]} 18.
c3 {[%clk 01:21:59]} {[%emt 00:02:03]} h5 {[%clk 01:10:25]} {[%emt 00:03:05]}
19. Qe5 {[%clk 01:21:50]} {[%emt 00:00:39]} Rhd8 {[%clk 01:09:54]} {[%emt
00:01:01]} 20. Rh3 {[%clk 01:21:24]} {[%emt 00:00:56]} Rd5 {[%clk 01:09:40]}
{[%emt 00:00:44]} 21. Qe4 {[%clk 01:21:22]} {[%emt 00:00:31]} 1/2-1/2

[Event "DVM U16 2018"]
[Site "Aurich GER"]
[Date "2018.12.29"]
[Round "5"]
[White "Dietlmeier, Tobias"]
[Black "Wang, Ruiming"]
[Result "1/2-1/2"]
[Termination "normal"]
[Board "2.4"]
[WhiteElo "1769"]
[BlackElo "1763"]
[WhiteClock "00:25:07"]
[BlackClock "00:42:39"]
[WhiteTeam "TV Tegernsee"]
[BlackTeam "SG Leipzig"]
[PlyCount "86"]
[WhiteFideId "16213963"]
[BlackFideId "16217659"]
[EventCountry "GER"]
[EventRounds "7"]
[EventType "team-swiss"]
[EventDate "2018.12.26"]

1. d4 {[%clk 01:30:48]} {[%emt 00:00:11]} Nf6 {[%clk 01:30:50]} {[%emt
00:00:12]} 2. Bf4 {[%clk 01:30:53]} {[%emt 00:00:25]} g6 {[%clk 01:31:10]}
{[%emt 00:00:10]} 3. e3 {[%clk 01:30:55]} {[%emt 00:00:27]} Bg7 {[%clk
01:31:21]} {[%emt 00:00:19]} 4. h3 {[%clk 01:30:46]} {[%emt 00:00:38]} d6
{[%clk 01:25:53]} {[%emt 00:06:00]} 5. Nf3 {[%clk 01:30:04]} {[%emt 00:01:11]}
O-O {[%clk 01:22:20]} {[%emt 00:04:04]} 6. Be2 {[%clk 01:26:46]} {[%emt
00:03:47]} c5 {[%clk 01:20:10]} {[%emt 00:02:40]} 7. c3 {[%clk 01:24:03]}
{[%emt 00:03:13]} b6 {[%clk 01:19:16]} {[%emt 00:01:25]} 8. O-O {[%clk
01:23:59]} {[%emt 00:00:33]} Bb7 {[%clk 01:19:07]} {[%emt 00:00:39]} 9. Qb3
{[%clk 01:17:53]} {[%emt 00:06:36]} Nbd7 {[%clk 01:16:43]} {[%emt 00:02:54]}
10. Nbd2 {[%clk 01:16:38]} {[%emt 00:01:45]} Qc7 {[%clk 01:14:47]} {[%emt
00:02:26]} 11. a4 {[%clk 01:09:22]} {[%emt 00:07:46]} a6 {[%clk 01:14:04]}
{[%emt 00:01:14]} 12. Rfc1 {[%clk 01:04:57]} {[%emt 00:04:54]} Ne4 {[%clk
01:07:32]} {[%emt 00:07:03]} 13. Nxe4 {[%clk 01:02:22]} {[%emt 00:03:04]} Bxe4
{[%clk 01:06:37]} {[%emt 00:01:25]} 14. Nd2 {[%clk 01:00:48]} {[%emt 00:02:04]}
Bb7 {[%clk 01:01:14]} {[%emt 00:05:54]} 15. Qd1 {[%clk 00:54:44]} {[%emt
00:06:34]} Nf6 {[%clk 00:54:17]} {[%emt 00:07:26]} 16. Bh2 {[%clk 00:51:05]}
{[%emt 00:04:08]} Ne4 {[%clk 00:44:17]} {[%emt 00:10:31]} 17. Nxe4 {[%clk
00:48:14]} {[%emt 00:03:21]} Bxe4 {[%clk 00:41:51]} {[%emt 00:02:57]} 18. b4
{[%clk 00:47:38]} {[%emt 00:01:05]} Rfc8 {[%clk 00:38:38]} {[%emt 00:03:43]}
19. Bg4 {[%clk 00:36:54]} {[%emt 00:11:14]} Rcb8 {[%clk 00:34:17]} {[%emt
00:04:52]} 20. Ra2 {[%clk 00:34:47]} {[%emt 00:02:36]} h5 {[%clk 00:28:40]}
{[%emt 00:06:07]} 21. Be2 {[%clk 00:30:52]} {[%emt 00:04:25]} Rc8 {[%clk
00:27:30]} {[%emt 00:01:41]} 22. f3 {[%clk 00:27:49]} {[%emt 00:03:32]} Bf5
{[%clk 00:26:21]} {[%emt 00:01:39]} 23. Raa1 {[%clk 00:22:14]} {[%emt
00:06:05]} Qb7 {[%clk 00:23:15]} {[%emt 00:03:36]} 24. Qb3 {[%clk 00:21:23]}
{[%emt 00:01:21]} Be6 {[%clk 00:22:01]} {[%emt 00:01:44]} 25. Qb2 {[%clk
00:16:18]} {[%emt 00:05:35]} Rc7 {[%clk 00:20:56]} {[%emt 00:01:36]} 26. Rab1
{[%clk 00:15:18]} {[%emt 00:01:30]} cxd4 {[%clk 00:20:15]} {[%emt 00:01:11]}
27. cxd4 {[%clk 00:13:09]} {[%emt 00:02:39]} Rac8 {[%clk 00:14:29]} {[%emt
00:06:15]} 28. Rxc7 {[%clk 00:10:01]} {[%emt 00:03:37]} Rxc7 {[%clk 00:14:53]}
{[%emt 00:00:07]} 29. Bd3 {[%clk 00:08:42]} {[%emt 00:01:49]} Bc4 {[%clk
00:14:10]} {[%emt 00:01:14]} 30. Qe2 {[%clk 00:06:08]} {[%emt 00:03:04]} Qd5
{[%clk 00:10:59]} {[%emt 00:03:41]} 31. Bxc4 {[%clk 00:04:49]} {[%emt
00:01:48]} Qxc4 {[%clk 00:11:02]} {[%emt 00:00:27]} 32. Qxc4 {[%clk 00:03:51]}
{[%emt 00:01:29]} Rxc4 {[%clk 00:11:28]} {[%emt 00:00:04]} 33. Rb3 {[%clk
00:02:52]} {[%emt 00:01:29]} Rc1+ {[%clk 00:11:37]} {[%emt 00:00:22]} 34. Kf2
{[%clk 00:02:15]} {[%emt 00:01:05]} Ra1 {[%clk 00:11:59]} {[%emt 00:00:09]} 35.
b5 {[%clk 00:01:33]} {[%emt 00:01:11]} Rxa4 {[%clk 00:12:17]} {[%emt 00:00:13]}
36. bxa6 {[%clk 00:01:48]} {[%emt 00:00:15]} Rxa6 {[%clk 00:12:44]} {[%emt
00:00:04]} 37. Rb5 {[%clk 00:01:53]} {[%emt 00:00:24]} Kf8 {[%clk 00:12:57]}
{[%emt 00:00:16]} 38. Bf4 {[%clk 00:01:27]} {[%emt 00:00:57]} Ke8 {[%clk
00:13:04]} {[%emt 00:00:23]} 39. d5 {[%clk 00:01:06]} {[%emt 00:00:51]} Kd7
{[%clk 00:13:02]} {[%emt 00:00:32]} 40. Ke2 {[%clk 00:00:41]} {[%emt 00:00:55]}
Ra2+ {[%clk 00:12:57]} {[%emt 00:00:35]} 41. Kd3 {[%clk 00:00:40]} {[%emt
00:00:30]} Rb2 {[%clk 00:13:18]} {[%emt 00:00:10]} 42. Kc4 {[%clk 00:29:46]}
{[%emt 00:01:54]} Kc7 {[%clk 00:42:15]} {[%emt 00:02:04]} 43. Rxb2 {[%clk
00:25:07]} {[%emt 00:05:09]} Bxb2 {[%clk 00:42:39]} {[%emt 00:00:06]} 1/2-1/2

[Event "DVM U16 2018"]
[Site "Aurich GER"]
[Date "2018.12.29"]
[Round "5"]
[White "Runte, Moritz"]
[Black "Engel, Luis"]
[Result "0-1"]
[Termination "normal"]
[Board "3.1"]
[BlackTitle "IM"]
[WhiteElo "1963"]
[BlackElo "2466"]
[WhiteClock "00:20:19"]
[BlackClock "00:36:59"]
[WhiteTeam "SV Hemer"]
[BlackTeam "Hamburger SK"]
[PlyCount "66"]
[WhiteFideId "12991449"]
[BlackFideId "12961523"]
[EventCountry "GER"]
[EventRounds "7"]
[EventType "team-swiss"]
[EventDate "2018.12.26"]

1. e4 {[%clk 01:30:57]} {[%emt 00:00:02]} c5 {[%clk 01:30:56]} {[%emt
00:00:05]} 2. Nf3 {[%clk 01:31:17]} {[%emt 00:00:10]} d6 {[%clk 01:31:20]}
{[%emt 00:00:06]} 3. Bb5+ {[%clk 01:31:33]} {[%emt 00:00:14]} Nd7 {[%clk
01:31:44]} {[%emt 00:00:06]} 4. O-O {[%clk 01:31:51]} {[%emt 00:00:12]} a6
{[%clk 01:32:10]} {[%emt 00:00:04]} 5. Bd3 {[%clk 01:32:13]} {[%emt 00:00:07]}
Ngf6 {[%clk 01:32:35]} {[%emt 00:00:06]} 6. Re1 {[%clk 01:32:34]} {[%emt
00:00:08]} b5 {[%clk 01:32:14]} {[%emt 00:00:51]} 7. c4 {[%clk 01:32:56]}
{[%emt 00:00:07]} g5 {[%clk 01:32:02]} {[%emt 00:00:43]} 8. Nxg5 {[%clk
01:32:50]} {[%emt 00:00:36]} Ne5 {[%clk 01:32:14]} {[%emt 00:00:18]} 9. Bf1
{[%clk 01:32:34]} {[%emt 00:00:47]} bxc4 {[%clk 01:31:58]} {[%emt 00:00:46]}
10. d4 {[%clk 01:32:54]} {[%emt 00:00:10]} cxd3 {[%clk 01:27:41]} {[%emt
00:04:47]} 11. f4 {[%clk 01:33:09]} {[%emt 00:00:14]} Nc6 {[%clk 01:26:04]}
{[%emt 00:02:08]} 12. Bxd3 {[%clk 01:27:12]} {[%emt 00:06:26]} Bg7 {[%clk
01:23:41]} {[%emt 00:02:54]} 13. Nc3 {[%clk 01:23:58]} {[%emt 00:03:43]} Ng4
{[%clk 01:15:34]} {[%emt 00:08:37]} 14. e5 {[%clk 01:07:59]} {[%emt 00:16:29]}
c4 {[%clk 01:11:21]} {[%emt 00:04:42]} 15. Be4 {[%clk 01:02:31]} {[%emt
00:05:58]} Qb6+ {[%clk 01:10:19]} {[%emt 00:01:32]} 16. Be3 {[%clk 01:02:47]}
{[%emt 00:00:14]} Nxe3 {[%clk 01:10:41]} {[%emt 00:00:09]} 17. Bxc6+ {[%clk
01:02:57]} {[%emt 00:00:19]} Qxc6 {[%clk 01:07:47]} {[%emt 00:03:25]} 18. Rxe3
{[%clk 00:58:54]} {[%emt 00:04:34]} Bb7 {[%clk 01:03:05]} {[%emt 00:05:11]} 19.
Qa4 {[%clk 00:53:02]} {[%emt 00:06:21]} dxe5 {[%clk 01:01:48]} {[%emt
00:01:48]} 20. fxe5 {[%clk 00:51:54]} {[%emt 00:01:37]} Bh6 {[%clk 00:53:57]}
{[%emt 00:08:22]} 21. Rg3 {[%clk 00:50:57]} {[%emt 00:01:26]} Rg8 {[%clk
00:52:22]} {[%emt 00:02:06]} 22. Nf3 {[%clk 00:43:58]} {[%emt 00:07:29]} Rxg3
{[%clk 00:52:10]} {[%emt 00:00:42]} 23. hxg3 {[%clk 00:44:16]} {[%emt
00:00:12]} Qxa4 {[%clk 00:50:19]} {[%emt 00:02:20]} 24. Nxa4 {[%clk 00:44:42]}
{[%emt 00:00:04]} Rb8 {[%clk 00:47:26]} {[%emt 00:03:23]} 25. Rb1 {[%clk
00:30:28]} {[%emt 00:14:44]} Be4 {[%clk 00:45:19]} {[%emt 00:02:38]} 26. Re1
{[%clk 00:29:57]} {[%emt 00:01:00]} Bc6 {[%clk 00:45:25]} {[%emt 00:00:24]} 27.
Nc5 {[%clk 00:29:41]} {[%emt 00:00:45]} Rxb2 {[%clk 00:45:27]} {[%emt
00:00:29]} 28. e6 {[%clk 00:25:24]} {[%emt 00:04:48]} Bxf3 {[%clk 00:41:01]}
{[%emt 00:04:56]} 29. gxf3 {[%clk 00:25:35]} {[%emt 00:00:18]} Bd2 {[%clk
00:41:00]} {[%emt 00:00:32]} 30. Re4 {[%clk 00:23:59]} {[%emt 00:02:05]} c3
{[%clk 00:40:50]} {[%emt 00:00:41]} 31. Rc4 {[%clk 00:23:29]} {[%emt 00:00:59]}
c2 {[%clk 00:37:33]} {[%emt 00:03:48]} 32. Nb3 {[%clk 00:20:16]} {[%emt
00:03:42]} Be3+ {[%clk 00:36:39]} {[%emt 00:01:25]} 33. Kf1 {[%clk 00:20:19]}
{[%emt 00:00:27]} fxe6 {[%clk 00:36:59]} {[%emt 00:00:09]} 0-1

[Event "DVM U16 2018"]
[Site "Aurich GER"]
[Date "2018.12.29"]
[Round "5"]
[White "Holinka, Henning"]
[Black "Leonard, Timo"]
[Result "1-0"]
[Termination "normal"]
[Board "3.2"]
[WhiteElo "2108"]
[BlackElo "1833"]
[WhiteClock "00:07:18"]
[BlackClock "00:08:12"]
[WhiteTeam "Hamburger SK"]
[BlackTeam "SV Hemer"]
[PlyCount "135"]
[WhiteFideId "12967084"]
[BlackFideId "16208757"]
[EventCountry "GER"]
[EventRounds "7"]
[EventType "team-swiss"]
[EventDate "2018.12.26"]

1. e4 {[%clk 01:30:54]} {[%emt 00:00:06]} e6 {[%clk 01:30:53]} {[%emt
00:00:08]} 2. Nc3 {[%clk 01:31:19]} {[%emt 00:00:05]} d5 {[%clk 01:31:20]}
{[%emt 00:00:04]} 3. Nf3 {[%clk 01:31:40]} {[%emt 00:00:08]} Nf6 {[%clk
01:31:45]} {[%emt 00:00:05]} 4. e5 {[%clk 01:31:54]} {[%emt 00:00:17]} Nfd7
{[%clk 01:32:10]} {[%emt 00:00:04]} 5. d4 {[%clk 01:32:15]} {[%emt 00:00:08]}
c5 {[%clk 01:32:00]} {[%emt 00:00:40]} 6. dxc5 {[%clk 01:31:44]} {[%emt
00:01:02]} Nc6 {[%clk 01:31:49]} {[%emt 00:00:40]} 7. Bf4 {[%clk 01:31:07]}
{[%emt 00:01:07]} Bxc5 {[%clk 01:32:12]} {[%emt 00:00:08]} 8. Bd3 {[%clk
01:29:59]} {[%emt 00:01:38]} Be7 {[%clk 01:25:37]} {[%emt 00:07:04]} 9. Qe2
{[%clk 01:28:32]} {[%emt 00:01:57]} a6 {[%clk 01:22:42]} {[%emt 00:03:26]} 10.
h4 {[%clk 01:24:33]} {[%emt 00:04:28]} Qa5 {[%clk 01:15:35]} {[%emt 00:07:38]}
11. Kf1 {[%clk 01:19:11]} {[%emt 00:05:50]} h6 {[%clk 01:04:26]} {[%emt
00:11:41]} 12. g4 {[%clk 01:11:12]} {[%emt 00:08:29]} Nc5 {[%clk 00:50:13]}
{[%emt 00:14:43]} 13. a3 {[%clk 00:58:49]} {[%emt 00:12:52]} Nxd3 {[%clk
00:44:52]} {[%emt 00:05:52]} 14. cxd3 {[%clk 00:56:06]} {[%emt 00:03:12]} Bd7
{[%clk 00:42:55]} {[%emt 00:02:28]} 15. Kg2 {[%clk 00:56:02]} {[%emt 00:00:33]}
O-O-O {[%clk 00:43:01]} {[%emt 00:00:25]} 16. b4 {[%clk 00:54:29]} {[%emt
00:02:03]} Qb6 {[%emt 00:05:11]} 17. Qb2 {[%clk 00:53:32]} g5 {[%clk 00:32:07]}
{[%emt 00:08:09]} 18. hxg5 {[%clk 00:50:44]} {[%emt 00:03:18]} hxg5 {[%clk
00:32:15]} {[%emt 00:00:22]} 19. Bg3 {[%clk 00:50:29]} {[%emt 00:00:45]} Na7
{[%clk 00:24:43]} {[%emt 00:08:03]} 20. Ne2 {[%clk 00:41:46]} {[%emt 00:09:12]}
Kb8 {[%clk 00:21:29]} {[%emt 00:03:44]} 21. Ned4 {[%clk 00:40:32]} {[%emt
00:01:44]} Rc8 {[%clk 00:21:20]} {[%emt 00:00:40]} 22. Rxh8 {[%clk 00:36:25]}
{[%emt 00:04:36]} Rxh8 {[%clk 00:21:36]} {[%emt 00:00:13]} 23. Nf5 {[%clk
00:35:42]} {[%emt 00:01:14]} Qd8 {[%clk 00:21:38]} {[%emt 00:00:29]} 24. Nxe7
{[%clk 00:33:17]} {[%emt 00:02:54]} Qxe7 {[%clk 00:22:03]} {[%emt 00:00:05]}
25. Qd2 {[%clk 00:32:24]} {[%emt 00:01:22]} Bc6 {[%clk 00:18:43]} {[%emt
00:03:51]} 26. Qxg5 {[%clk 00:29:20]} {[%emt 00:03:34]} Qd7 {[%clk 00:19:07]}
{[%emt 00:00:06]} 27. Nd4 {[%clk 00:28:19]} {[%emt 00:01:30]} Ba4 {[%clk
00:18:55]} {[%emt 00:00:41]} 28. Rc1 {[%clk 00:27:43]} {[%emt 00:01:08]} Nb5
{[%clk 00:16:31]} {[%emt 00:02:54]} 29. Qg7 {[%clk 00:24:41]} {[%emt 00:03:32]}
Rd8 {[%clk 00:16:29]} {[%emt 00:00:32]} 30. Nxb5 {[%clk 00:22:22]} {[%emt
00:02:49]} Bxb5 {[%clk 00:16:53]} {[%emt 00:00:07]} 31. d4 {[%clk 00:19:27]}
{[%emt 00:03:24]} Bd3 {[%clk 00:16:48]} {[%emt 00:00:35]} 32. Rc3 {[%clk
00:15:42]} {[%emt 00:04:15]} Be4+ {[%clk 00:16:41]} {[%emt 00:00:36]} 33. f3
{[%clk 00:16:01]} {[%emt 00:00:12]} Bg6 {[%clk 00:16:58]} {[%emt 00:00:12]} 34.
f4 {[%clk 00:13:44]} {[%emt 00:02:47]} Be4+ {[%clk 00:08:03]} {[%emt 00:09:26]}
35. Kh3 {[%clk 00:10:46]} {[%emt 00:03:28]} Qe8 {[%clk 00:06:01]} {[%emt
00:02:32]} 36. Bh4 {[%clk 00:07:35]} {[%emt 00:03:40]} Rc8 {[%clk 00:06:09]}
{[%emt 00:00:22]} 37. Rxc8+ {[%clk 00:07:03]} {[%emt 00:01:03]} Kxc8 {[%clk
00:06:35]} {[%emt 00:00:04]} 38. Bf6 {[%clk 00:06:56]} {[%emt 00:00:37]} Bd3
{[%clk 00:04:33]} {[%emt 00:02:31]} 39. Kh4 {[%clk 00:05:01]} {[%emt 00:02:25]}
Be4 {[%clk 00:04:54]} {[%emt 00:00:10]} 40. Kg5 {[%clk 00:05:01]} {[%emt
00:00:30]} Kd7 {[%clk 00:02:49]} {[%emt 00:02:35]} 41. Kh6 {[%clk 00:03:55]}
{[%emt 00:01:36]} Bd3 {[%clk 00:00:36]} {[%emt 00:02:42]} 42. Kg5 {[%clk
00:25:21]} {[%emt 00:09:04]} Be4 {[%clk 00:29:39]} {[%emt 00:01:27]} 43. Qh6
{[%clk 00:24:41]} {[%emt 00:01:10]} Qg8+ {[%clk 00:28:32]} {[%emt 00:01:36]}
44. Bg7 {[%clk 00:24:15]} {[%emt 00:00:57]} Qd8+ {[%clk 00:27:27]} {[%emt
00:01:35]} 45. Qf6 {[%clk 00:23:52]} {[%emt 00:00:54]} Qxf6+ {[%clk 00:26:25]}
{[%emt 00:01:32]} 46. Kxf6 {[%clk 00:22:48]} {[%emt 00:01:33]} Bf3 {[%clk
00:19:25]} {[%emt 00:07:31]} 47. g5 {[%clk 00:22:42]} {[%emt 00:00:36]} Bh5
{[%clk 00:16:40]} {[%emt 00:03:14]} 48. f5 {[%clk 00:18:55]} {[%emt 00:04:18]}
exf5 {[%clk 00:16:27]} {[%emt 00:00:43]} 49. e6+ {[%clk 00:17:17]} {[%emt
00:02:07]} fxe6 {[%clk 00:15:07]} {[%emt 00:01:50]} 50. g6 {[%clk 00:15:59]}
{[%emt 00:01:49]} f4 {[%clk 00:13:17]} {[%emt 00:02:20]} 51. Bh6 {[%clk
00:15:37]} {[%emt 00:00:52]} f3 {[%clk 00:13:09]} {[%emt 00:00:38]} 52. Be3
{[%clk 00:15:55]} {[%emt 00:00:11]} Ke8 {[%clk 00:13:19]} {[%emt 00:00:20]} 53.
Kg5 {[%clk 00:15:33]} {[%emt 00:00:53]} f2 {[%clk 00:13:00]} {[%emt 00:00:48]}
54. Bxf2 {[%clk 00:15:53]} {[%emt 00:00:10]} Be2 {[%clk 00:13:14]} {[%emt
00:00:16]} 55. Kf6 {[%clk 00:13:31]} {[%emt 00:02:52]} Bd3 {[%clk 00:12:48]}
{[%emt 00:00:56]} 56. Kg7 {[%clk 00:09:29]} {[%emt 00:04:33]} Be4 {[%clk
00:11:46]} {[%emt 00:01:32]} 57. Bg3 {[%clk 00:09:34]} {[%emt 00:00:25]} Ke7
{[%clk 00:11:18]} {[%emt 00:00:57]} 58. Bb8 {[%clk 00:09:34]} {[%emt 00:00:31]}
Bd3 {[%clk 00:11:20]} {[%emt 00:00:27]} 59. Ba7 {[%clk 00:09:51]} {[%emt
00:00:13]} Ke8 {[%clk 00:11:45]} {[%emt 00:00:05]} 60. Bc5 {[%clk 00:10:04]}
{[%emt 00:00:18]} Be4 {[%clk 00:11:51]} {[%emt 00:00:24]} 61. Kf6 {[%clk
00:09:58]} {[%emt 00:00:35]} Bd3 {[%clk 00:11:45]} {[%emt 00:00:36]} 62. g7
{[%clk 00:09:18]} {[%emt 00:01:10]} Bh7 {[%clk 00:12:09]} {[%emt 00:00:06]} 63.
Kxe6 {[%clk 00:09:15]} {[%emt 00:00:33]} Bg8+ {[%clk 00:12:28]} {[%emt
00:00:11]} 64. Kd6 {[%clk 00:09:12]} {[%emt 00:00:34]} Kf7 {[%clk 00:07:59]}
{[%emt 00:04:59]} 65. Kc7 {[%clk 00:07:56]} {[%emt 00:01:45]} b5 {[%clk
00:07:23]} {[%emt 00:01:06]} 66. Kb6 {[%clk 00:07:29]} {[%emt 00:00:57]} Bh7
{[%clk 00:07:50]} {[%emt 00:00:03]} 67. Kxa6 {[%clk 00:07:25]} {[%emt
00:00:34]} Bd3 {[%clk 00:08:12]} {[%emt 00:00:07]} 68. Bf8 {[%clk 00:07:18]}
{[%emt 00:00:38]} 1-0

[Event "DVM U16 2018"]
[Site "Aurich GER"]
[Date "2018.12.29"]
[Round "5"]
[White "Trinh, Fabian Dat"]
[Black "Engel, Robert"]
[Result "0-1"]
[Termination "normal"]
[Board "3.3"]
[WhiteElo "1751"]
[BlackElo "2071"]
[WhiteClock "01:03:51"]
[BlackClock "01:16:01"]
[WhiteTeam "SV Hemer"]
[BlackTeam "Hamburger SK"]
[PlyCount "34"]
[WhiteFideId "16243641"]
[BlackFideId "12974684"]
[EventCountry "GER"]
[EventRounds "7"]
[EventType "team-swiss"]
[EventDate "2018.12.26"]

1. d4 {[%clk 01:30:57]} {[%emt 00:00:02]} Nf6 {[%clk 01:30:55]} {[%emt
00:00:06]} 2. Bf4 {[%clk 01:31:10]} {[%emt 00:00:16]} d5 {[%clk 01:30:23]}
{[%emt 00:01:02]} 3. e3 {[%clk 01:31:29]} {[%emt 00:00:11]} c5 {[%clk
01:30:45]} {[%emt 00:00:08]} 4. c3 {[%clk 01:31:22]} {[%emt 00:00:37]} Nc6
{[%clk 01:31:11]} {[%emt 00:00:04]} 5. Nd2 {[%clk 01:31:42]} {[%emt 00:00:11]}
e6 {[%clk 01:31:28]} {[%emt 00:00:13]} 6. Ngf3 {[%clk 01:31:47]} {[%emt
00:00:24]} cxd4 {[%clk 01:31:41]} {[%emt 00:00:17]} 7. exd4 {[%clk 01:32:05]}
{[%emt 00:00:12]} Nh5 {[%clk 01:32:04]} {[%emt 00:00:07]} 8. Be3 {[%clk
01:32:26]} {[%emt 00:00:09]} Bd6 {[%clk 01:32:31]} {[%emt 00:00:04]} 9. g3
{[%clk 01:31:39]} {[%emt 00:01:17]} Nf6 {[%clk 01:31:31]} {[%emt 00:01:30]} 10.
Bd3 {[%clk 01:24:40]} {[%emt 00:07:28]} O-O {[%clk 01:31:55]} {[%emt 00:00:06]}
11. O-O {[%clk 01:22:20]} {[%emt 00:02:50]} Re8 {[%clk 01:32:22]} {[%emt
00:00:03]} 12. Nb3 {[%clk 01:19:10]} {[%emt 00:03:40]} e5 {[%clk 01:27:06]}
{[%emt 00:05:46]} 13. dxe5 {[%clk 01:17:38]} {[%emt 00:02:01]} Nxe5 {[%emt
00:00:26]} 14. Nxe5 {[%clk 01:17:37]} {[%emt 00:00:24]} Bxe5 {[%clk 01:27:39]}
{[%emt 00:00:09]} 15. Bd4 {[%clk 01:15:41]} {[%emt 00:02:26]} Bg4 {[%clk
01:16:50]} {[%emt 00:11:20]} 16. Be2 {[%clk 01:06:03]} {[%emt 00:10:07]} Bxe2
{[%clk 01:15:36]} {[%emt 00:01:44]} 17. Qxe2 {[%clk 01:03:51]} {[%emt
00:02:36]} Bxd4 {[%clk 01:16:01]} {[%emt 00:00:11]} 0-1